Fluid mechanics : hydraulic machinery and advanced hydraulics / (Record no. 786)
[ view plain ]
| 000 -LEADER | |
|---|---|
| fixed length control field | 00369 a2200109 4500 |
| 082 ## - DEWEY DECIMAL CLASSIFICATION NUMBER | |
| Classification number | 620.106 MAN |
| 100 ## - MAIN ENTRY--PERSONAL NAME | |
| Personal name | Manohar, M. |
| 245 ## - TITLE STATEMENT | |
| Title | Fluid mechanics : hydraulic machinery and advanced hydraulics / |
| Statement of responsibility, etc. | M. Manohar, P. Krishnamachar |
| 250 ## - EDITION STATEMENT | |
| Edition statement | vol 2, Revised edition |
| 260 ## - PUBLICATION, DISTRIBUTION, ETC. | |
| Place of publication, distribution, etc. | New Delhi : |
| Name of publisher, distributor, etc. | Vikas Publishing House, |
| Date of publication, distribution, etc. | 1996 |
| 300 ## - PHYSICAL DESCRIPTION | |
| Extent | viii, 505p. : |
| Other physical details | ill. ; |
| Dimensions | 23 cm. |
| 650 ## - SUBJECT ADDED ENTRY--TOPICAL TERM | |
| Topical term or geographic name entry element | Fluid mechanics |
| Withdrawn status | Lost status | Damaged status | Not for loan | Permanent Location | Current Location | Shelving location | Date acquired | Total Checkouts | Full call number | Barcode | Date last seen | Price effective from | Koha item type |
|---|---|---|---|---|---|---|---|---|---|---|---|---|---|
| School of Civil and Environmental Engineering (SCEE) | School of Civil and Environmental Engineering (SCEE) | 620.106 MAN | NIT-570 | 01/05/2017 | 01/05/2017 | Book |
